Employment review of Kerala , 1981-82 (Record no. 508545)

000 -LEADER
fixed length control field 00467cam a22001337a 4500
008 - FIXED-LENGTH DATA ELEMENTS--GENERAL INFORMATION
fixed length control field 180718b xxu||||| |||| 00| 0 eng d
082 ## - DEWEY DECIMAL CLASSIFICATION NUMBER
Classification number R11x5453 K45/1981-82
100 ## - MAIN ENTRY--PERSONAL NAME
Personal name Kerala. Department of National Employment Service
9 (RLIN) 3943
245 ## - TITLE STATEMENT
Title Employment review of Kerala , 1981-82
Statement of responsibility, etc by Department of National Employment Service
260 ## - PUBLICATION, DISTRIBUTION, ETC. (IMPRINT)
Place of publication, distribution, etc Trivandrum
Name of publisher, distributor, etc Government of Kerala
Date of publication, distribution, etc 1982
300 ## - PHYSICAL DESCRIPTION
Extent 8+p.
650 ## - SUBJECT ADDED ENTRY--TOPICAL TERM
Topical term or geographic name as entry element Employment review - India - Kerala
9 (RLIN) 3944
942 ## - ADDED ENTRY ELEMENTS (KOHA)
Source of classification or shelving scheme
Holdings
Withdrawn status Lost status Source of classification or shelving scheme Damaged status Koha normalized classification for sorting Not for loan Permanent location Current location Date acquired Full call number Barcode Date last seen Price effective from Koha item type
        R_11X5453_K45_198182   Indian Institute of Public Administration Indian Institute of Public Administration 2019-04-01 R11x5453 K45/1981-82 GG34362 2019-04-01 2019-04-01 GG

Powered by Koha